| 000 | 00636nam a2200217Ia 4500 | ||
|---|---|---|---|
| 005 | 20250508162614.0 | ||
| 008 | 008 250505s9999 xx 000 0 eng d | ||
| 037 | _aTextual | ||
| 040 |
_aFEDL _beng _cFEDL |
||
| 041 |
_aeng _2eng |
||
| 084 |
_a371.27, MAT _qFEDL |
||
| 100 |
_aMathews John C _9773577 |
||
| 245 | 0 | _aExaminations : A commentary | |
| 260 |
_aLondon, UK _bGeogre Allen and Unwin Ltd _c1985 |
||
| 300 | _a258p | ||
| 365 |
_aGBP _b7.5 |
||
| 546 | _aAcc. No. 0833376 is MACESE book | ||
| 650 |
_aEducational tests and measurements _9773578 |
||
| 942 |
_cTEXL _h371.27, MAT |
||
| 999 |
_c1377605 _d1377605 |
||